1445 1913 1944 1629 1428 1345 1278 1266 1423 1164 1777 1942 1605 1437 1938 1871 1097 1290 1104 1606 1987 1110 1308 1637 1275 1468 1069 1487 1739 1636 1422 1058 1288 1559 1267 1926 1116 1518 1412 1156 1957 1739 1034 1702 1149 1448 1844 1090 1855 1525 1815 1376 1486 1356 1050 1585 1136 1034 1549 1944 1072 1270 1898 1047 1010 1876 1022 1757 1146 1407 1625 1204 1316 1932 1974 1564 1266 1963 1195 1917 1583 1030 1043 1115 1900 1387 1514 1284 1830 1697 1090 1851 1095 1520 1824 1495 1228 1013 1313 BCNSPRNW ULIB Ver.6.0+V

เปลี่ยนเป็นภาษาไทย

Change to English
 แสดงรายละเอียดบรรณานุกรม
  กลับหน้าหลัก

Brief Record : Get Marc (ISO 2709) : E-mail record : QR code < ปิดหน้าต่าง
LEADER : 00000nam 2200000uu 4500
001    13399111743
003     ULIB
008    110707s2549||||th 000 0 tha d
020    9789749467848
050 04 DS494.5^bส853ภ 2549
100 0  สุรวีร์ วาณิชเสนี
245 10 ภูฏาน อ่านว่าอะไร? /^cสุรวีร์ วาณิชเสนี
250    พิมพ์ครั้งที่ 1
260    กรุงเทพฯ :^bอะบุ๊ก,^c2549
300    [214] หน้า :^bภาพประกอบ
504    บรรณานุกรม: หน้า [209]
651  7 ภูฏาน^xภูมิประเทศและการท่องเที่ยว
651  7 ภูฏาน^xความเป็นอยู่และประเพณี
945    ^p195^l0^i019612
995    ทศพร
999 ^a ใช้งานได้ทุกระบบ
รายการนี้ยังไม่มีแท็ก
คุณยังไม่ได้ล็อกอิน คุณสามารถมีกิจกรรมร่วมกับเว็บไซต์ได้ แต่ต้องล็อกอินก่อน ::
  ล็อกอิน

รายการสื่อสารสนเทศ

ลำดับที่ ประเภท เลขเรียก/บาร์โค้ด สถานที่ สถานะ
- ไม่พบข้อมูล -

BibComment


ยังไม่เคยถูกคอมเมนท์

คอมเมนท์ทรัพยากรรายการนี้
  คอมเมนท์: ภูฏาน อ่านว่าอะไร..


 Copyright 2026. Bcnsprnw @Library